000
00325nam a2200133Ia 4500
008
220216s9999 xx 000 0 und d
100
_a
Dock E H
245
0
_a
Testing of rubber composition soles
260
_b
IRI Transactions
_c
1937
300
_a
160-172
650
_a
Ageing
650
_a
Rubber composition
942
_c
JS
999
_c
70412
_d
70412